000 00458nam a2200181Ia 4500
005 20240823011724.0
008 240823s9999||||xx |||||||||||||| ||und||
041 _aENGLISH
082 _A004.62 P2
100 _a"Stallings,William"
245 0 _a"SNMP,SNMPv2,SNMPv3, and RMON 1and 2"
250 _a3rd
260 _c2002
_b"Pearson,Singapore"
500 _aTRANSFERED
650 _aComputer Science
_bComputer Science
942 _cBK
999 _c162352
_d162352